=LDR 00000nam 2200000 4500 =001 INLIS000000000023190 =005 20130612121854 =008 ***********************************Ind** =035 ##$$0010-061300000023190 =041 ##$$a Ind =082 ##$$a 664.52 =090 ##$$a 664.52, Ham-m =100 ##$$a Hambali, Erliza =245 ##$$a Membuat aneka bumbu instan pasta, Menyajikan 19 formula bumbu instan dan cara pemakaiannya, Erliza Hambali, Ani Suryani, Mira Rivai =260 ##$$a 2005 $b Jakarta =300 ##$$a iv, 92 hlm., ilus, 23 cm =650 ##$$a Bumbu =850 ##$$a NBPNMAT